Most known cities in the 6 big countries of Europe - Statistics

General Stats
  • This quiz has been taken 2,030 times
    759 since last reset
  • The average score is 40 of 58
Answer Stats
% City Country % Correct
100% Berlin Germany
99%
100% London UK
99%
100% Madrid Spain
99%
100% Moscow Russia
99%
100% Rome Italy
99%
99% Barcelona Spain
98%
100% Paris France
98%
97% Manchester UK
94%
95% Milan Italy
94%
96% Munich Germany
94%
96% St Petersburg Russia
93%
92% Hamburg Germany
91%
91% Naples Italy
90%
92% Liverpool UK
89%
90% Venice Italy
86%
89% Marseille France
85%
89% Birmingham UK
84%
88% Lyon France
84%
90% Frankfurt Germany
83%
88% Glasgow UK
82%
87% Edinburgh UK
80%
83% Cologne Germany
78%
79% Turin Italy
78%
81% Valencia Spain
76%
85% Florence Italy
75%
82% Seville Spain
75%
80% Nice France
74%
79% Leeds UK
69%
68% Palermo Italy
65%
73% Belfast UK
64%
72% Bordeaux France
64%
80% Cardiff UK
64%
75% Düsseldorf Germany
64%
68% Stuttgart Germany
64%
70% Bilbao Spain
61%
73% Newcastle UK
59%
69% Dresden Germany
58%
59% Leipzig Germany
54%
60% Dortmund Germany
53%
63% Genoa Italy
53%
60% Malaga Spain
53%
65% Toulouse France
53%
57% Bologna Italy
52%
50% Bologna Italy
52%
59% Bremen Germany
52%
63% Bristol UK
52%
58% Lille France
52%
59% Sheffield UK
50%
58% Hanover Germany
48%
54% Nantes France
47%
60% Strasbourg France
46%
56% Nuremberg Germany
45%
52% Essen Germany
43%
54% Bonn Germany
42%
53% Notthingham UK
40%
53% Volgograd Russia
37%
51% Granada Spain
35%
64% Vladivostok Russia
21%
No matching quizzes found
Score Distribution
Percent of People with Each Score
Percentile by Number Answered
Your Score History
You have not taken this quiz since the last reset